| 000 | 00528nam a2200157Ia 4500 | ||
|---|---|---|---|
| 008 | 210716s2000 xx 000 0 und d | ||
| 020 | _a0030211077 | ||
| 041 | _aeng | ||
| 082 | _a658.84 REEJ | ||
| 100 | _aReedy, Joel; Schullo, Shauna; Zimmerman, Kenneth. | ||
| 245 |
_aElectronic marketing: Integrated electronic resources into the marketing process. _bIntegrated electronic resources into the marketing process. |
||
| 250 | _a1 | ||
| 260 |
_aNew York _bHarcourt College _c2000 |
||
| 300 | _axxiv,466 | ||
| 650 | _aMarketing | ||
| 999 |
_c198559 _d198559 |
||